Ishockeyklubber i norske serier for menn 2019/20 - Statistics

General Stats
  • This quiz has been taken 31 times
    19 since last reset
  • The average score is 18 of 26
Answer Stats
Liga Answer % Correct
GET-ligaen Frisk Asker
100%
GET-ligaen Sparta
100%
GET-ligaen Stjernen
100%
GET-ligaen Storhamar
100%
GET-ligaen Vålerenga
100%
2. divisjon Bergen
93%
GET-ligaen Lillehammer
93%
GET-ligaen Manglerud Star
93%
GET-ligaen Stavanger Oilers
93%
1. divisjon Comet
73%
1. divisjon Furuset
73%
1. divisjon Gjøvik
73%
2. divisjon Hasle-Løren U21
73%
GET-ligaen Narvik
73%
GET-ligaen Grüner
67%
2. divisjon Kongsvinger
67%
2. divisjon IHK Stavanger
60%
1. divisjon Hasle-Løren
53%
1. divisjon Lørenskog
53%
1. divisjon Nidaros
47%
2. divisjon Tromsø
47%
1. divisjon Ringerike
40%
2. divisjon Ski
40%
1. divisjon Tønsberg
40%
1. divisjon Haugesund
33%
2. divisjon Skien
27%
No matching quizzes found
Score Distribution
Percent of People with Each Score
Percentile by Number Answered
Your Score History
You have not taken this quiz since the last reset